000 02089cad a22002415a 4500
001 L144315
008 080709e20080409xxk f v 000 0 eng d
035 _a(Sirsi) u144315
041 0 _aeng
245 0 0 _aBarclays Bank v Guy
_h[electronic resource]
260 _c2008
520 _a[2008] EWCA Civ 452, 9 April 2008. Case raised issues of the alteration of the land register and whether rectification was available to set aside charge on ground of mistake. Development land owned by the appellant was transferred to a Gibraltar company in 2004, which became registered as the proprietor. the claimant maintained that the sum due to him for the land of £15 million had not been paid. In 2005 the company executed a charge over the land (£100 million plus) in favour of the respondent bank to secure indebtedness and then went into liquidation. The respondent sought to sell the land as mortgagee; the appellant asserted that he was still the beneficial owner and the respondent brought proceedings against the appellant to clear his title. Appellant sought to have the title transferred into his own name free from the charge as he asserted that the land had been procured fraudulently. Held: permission to appeal was refused - appellant could show that registration of original transfer was a mistake if it was the result of a forgery, since the registration of something that is not properly executed by the registered proprietor must be a mistake. However, the mistake he was required to show was in respect of the registration of the charge and there was no such mistake of that kind made.
590 _aKA
650 2 4 _aBARCLAYS BANK PLC V GUY
650 2 4 _aLAND REGISTRATION ACT 2002
650 2 4 _aLAND REGISTRATION ACT 2002 (SCHEDULE 4)
650 2 4 _aCOMPANIES ACT 1985
650 2 4 _aFRETWELL V GRAVES
651 4 _aUnited Kingdom
_y
690 _aPROPERTY ACQUISITION AND DISPOSAL-REGISTRATION OF TITLE TO PROPERTY-LAND REGISTRATION
856 4 8 _uhttps://www.bailii.org/ew/cases/EWHC/Ch/2008/893.htm
_zView the case free of charge at www.bailii.org...
942 _n0
999 _c80425
_d80425